• 首页
  • 本馆介绍
  • 公告通知
  • 最新文献
  • 馆藏检索
  • 电子资源
  • 读者导购
  • 参考咨询
  • 我的图书馆
  • 登录
  • 详细信息显示
  • 放入我的书架
  • 预约/预借图书
  • 作者相关作品
  • 分类相关作品
  • 丛书相关作品
  • 出版社相关作品

书目信息

  • 表格格式
  • 工作单格式
  • 卡片格式
题名:
陕西宏观经济发展报告
    
 
作者: 任保平 , 茹少峰 , 李辉 著
分册: 2019   新时代的陕西高质量发展
出版信息: 北京   中国经济出版社  2019
页数: 370页
开本: 24cm
丛书名:
单 册:
中图分类: F127.41 , F127.41
科图分类:
主题词: 区域经济--宏观经济分析--研究报告--陕西--2019
电子资源:
ISBN: 978-7-5136-5590-3
000 01284nam0 2200277 450
001 2426270263
005 20240829071817.27
010    @a978-7-5136-5590-3@dCNY69.00
100    @a20190620d2019 em y0chiy0120 ea
101 0  @achi
102    @aCN@b110000
105    @ay z 001yy
200 1  @a陕西宏观经济发展报告@9shan xi hong guan jing ji fa zhan bao gao@h2019@i新时代的陕西高质量发展@b专著@dThe report of Shaanxi macroeconomic development@h2019@iHigh-quality development of Shaanxi in the new era@f任保平,茹少峰,李辉等著@zeng
210    @a北京@c中国经济出版社@d2019
215    @a370页@d24cm
300    @a西北大学“双一流”建设项目等
330    @a本书首先对陕西“十三五”中期的经济发展状况进行了全面评估,指出“十三五”中期陕西经济发展的主要成就、存在问题及政策调整建议,之后对陕西的高质量发展进行了综合评价,并探讨了陕西高质量发展中的质量变革、效率变革、动力变革。
510 1  @aReport of Shaanxi macroeconomic development@h2019@iHigh-quality development of Shaanxi in the new era@zeng
606 0  @a区域经济@x宏观经济分析@x研究报告@y陕西@z2019
690    @aF127.41@v5
690    @aF127.41@v4
701  0 @a任保平@9ren bao ping@4著
701  0 @a茹少峰@9ru shao feng@4著
701  0 @a李辉@9li hui@4著
801  2 @aCN@b58marc.cn@c20191026
905    @aZUCC@dF127.41@e1
    
    陕西宏观经济发展报告.2019.新时代的陕西高质量发展=The report of Shaanxi macroeconomic development.2019.High-quality development of Shaanxi in the new era/任保平,茹少峰,李辉等著.-北京:中国经济出版社,2019
    370页;24cm
    西北大学“双一流”建设项目等
    
    ISBN 978-7-5136-5590-3:CNY69.00
    本书首先对陕西“十三五”中期的经济发展状况进行了全面评估,指出“十三五”中期陕西经济发展的主要成就、存在问题及政策调整建议,之后对陕西的高质量发展进行了综合评价,并探讨了陕西高质量发展中的质量变革、效率变革、动力变革。
●
相关链接 在五车中查询图书 在当当中查询图书 在豆瓣中查询图书


正题名:陕西宏观经济发展报告     索取号:F127.41/1         预约/预借

序号 登录号 条形码 馆藏地/架位号 状态 备注
1 2001766417   2001766417   第四书库/四26架B面1层6列/ [索取号:F127.41/1] 在馆    
2 2001766418   2001766418   第四书库/四26架B面1层6列/ [索取号:F127.41/1] 在馆    
3 2001766419   2001766419   第四书库/四26架B面1层6列/ [索取号:F127.41/1] 在馆    
4 2001766420   2001766420   第四书库/四26架B面1层6列/ [索取号:F127.41/1] 在馆    
5 2001766421   2001766421   第四书库/四26架B面1层6列/ [索取号:F127.41/1] 在馆    
6 2001766422   2001766422   第四书库/四26架B面1层6列/ [索取号:F127.41/1] 在馆    
山东省滨州职业学院图书馆 欢迎您!
大连网信软件有限公司© 版权所有